6-Letter Click Blitz Quiz Stats

Quiz Updated Jun 14, 2016

Challenge
Share
Tweet
Embed
Score 0/44 Timer 06:00
0 Plays Today
% Correct
Monday
92%
Uranus
91.6%
Europe
91.1%
Grumpy
90.3%
Bishop
89.6%
Dasher
89.5%
Hawaii
89.4%
Norway
89%
Eleven
87.9%
Rabbit
87.8%
Carbon
86.7%
Ginger
86.4%
Cancer
85.5%
Boston
85.1%
Poodle
84.9%
Berlin
84.9%
Exodus
84.8%
Hoover
84.3%
Celery
83%
Aliens
79.9%
Red Sox
78.6%
Lakers
77.2%
% Correct
Maroon
74.7%
Radius
74.7%
Bruins
73.5%
Chiefs
72.5%
Seeker
69.5%
Antony
66.5%
Gandhi
66.5%
Peseta
61.8%
Dorset
59.8%
Crucio
54.7%
Vulcan
52.3%
Darwin
47.7%
Sparks
45.2%
Jasper
45.1%
Sixtus
45%
Quebec
43.7%
Attlee
43.5%
Harper
40%
Oddish
36%
Miller
30.3%
Clovis
29%
Neruda
23.6%

You're not logged in!

Compare scores with friends on all Sporcle quizzes.
Join for Free
OR
Log In

You Might Also Like...

Show Comments

Extras

Top Quizzes Today


Score Distribution

Your Account Isn't Verified!

In order to create a playlist on Sporcle, you need to verify the email address you used during registration. Go to your Sporcle Settings to finish the process.

Report this User

Report this user for behavior that violates our Community Guidelines.

Details: